00854cam a2200277 a 450000100060000000300100000600500170001600700030003300800410003602000150007704000120009204100140010404300120011808200280013010000350015824501120019325000180030530000300032333600270035333700330038033800280041353400230044165000490046470000290051370000340054257783CO-BoRNBP20250730154707.0ta900907s1989 ck a jr 00011 spa d a9582400587 ala cla1 aspa heng an-us---04aI813.5 bJ17f2 219 ed.1 aJarrell, Randall, d1914-1965.13aLa familia animal / cRandall Jarrell ; traducción de Concha Hombría ; ilustraciones de Maurice Sendak. a1a. edición a110 p. : bil. ; c20 cm. 2rdacontentatextobtxt 2rdamediaasin mediaciónbn 2rdacarrieravolumenbnc tThe animal family. 7aCuentos infantiles estadounidenses.2BLAAUTO1 aHombría, Concha, etr.1 aSendak, Maurice, d1928-eil.